[Event "ITA-ch sf 76th"]
[Site "Civitanova Marche"]
[Date "2016.07.13"]
[Round "5"]
[White "Pescatore, Lorenzo"]
[Black "Pantaleoni, Claudio"]
[Result "1-0"]
[WhiteElo "2318"]
[BlackElo "2166"]
[PlyCount "63"]
[EventDate "2016.07.09"]
[EventType "swiss"]
[EventRounds "9"]
[EventCountry "ITA"]
[SourceTitle "CBM 173 Extra"]
[Source "ChessBase"]
[SourceDate "2016.08.29"]
[SourceVersion "1"]
[SourceVersionDate "2016.08.29"]
[SourceQuality "1"]

1. e4 e5 2. Nf3 Nc6 3. Bc4 Nf6 4. d4 exd4 5. e5 d5 6. Bb5 Ne4 7. Nxd4 Bc5 8. Be3 0-0 9. Nxc6 bxc6 10. Bxc5 Nxc5 11. Bxc6 Rb8 12. 0-0 Ba6 13. Re1 d4 14. Nd2 Rb6 15. Bf3 Ne6 16. Nb3 c5 17. Bg4 Qe7 18. Qd2 Rd8 19. Rad1 h5 20. Bf5 g6 21. Bxe6 Rxe6 22. f4 Rb8 23. Qf2 Bc8 24. c3 Ra6 25. Nc1 dxc3 26. bxc3 Be6 27. Rd2 Ra3 28. Qe3 Rb1 29. Red1 Kg7 30. h3 Qc7 31. Qd3 Qa5 32. Qxb1 1-0

[Event "ITA-ch sf 76th"]
[Site "Civitanova Marche"]
[Date "2016.07.09"]
[Round "1"]
[White "Pantaleoni, Claudio"]
[Black "Corvi, Marco"]
[Result "0-1"]
[WhiteElo "2166"]
[BlackElo "2343"]
[PlyCount "94"]
[EventDate "2016.07.09"]
[EventType "swiss"]
[EventRounds "9"]
[EventCountry "ITA"]
[SourceTitle "CBM 173 Extra"]
[Source "ChessBase"]
[SourceDate "2016.08.29"]
[SourceVersion "1"]
[SourceVersionDate "2016.08.29"]
[SourceQuality "1"]

1. d4 f5 2. e4 fxe4 3. Nc3 Nf6 4. Bg5 c6 5. f3 Qa5 6. Qd2 e5 7. dxe5 Qxe5 8. Bf4 Qa5 9. Nxe4 Qxd2+ 10. Bxd2 d5 11. Nxf6+ gxf6 12. Ne2 Nd7 13. 0-0-0 Ne5 14. Kb1 Kf7 15. Bc1 h5 16. Nf4 Bf5 17. Nd3 Nc4 18. b3 Na3+ 19. Bxa3 Bxa3 20. Nf4 h4 21. Bd3 Bxd3 22. Nxd3 Rhg8 23. Rd2 a5 24. c3 Bd6 25. Kc2 Rg7 26. Re2 a4 27. b4 Rag8 28. Ne1 Rc8 29. Nd3 Rcg8 30. Ne1 b6 31. Rd2 Be5 32. Kd3 Rc8 33. Rb2 c5 34. bxc5 Rxc5 35. Rxb6 Rxc3+ 36. Kd2 Ra3 37. Rb7+ Kg6 38. Rxg7+ Kxg7 39. g3 Rxa2+ 40. Nc2 a3 41. f4 Bd4 42. Kd3 Rxc2 43. Kxd4 h3 44. Kxd5 a2 45. Ke4 Rb2 46. Ra1 Rxh2 47. Kf3 Rb2 0-1

[Event "Porto Mannu op 8th"]
[Site "Porto Mannu"]
[Date "2016.06.10"]
[Round "8"]
[White "Sanna, Yuri"]
[Black "Pantaleoni, Claudio"]
[Result "0-1"]
[WhiteElo "1927"]
[BlackElo "2147"]
[PlyCount "88"]
[EventDate "2016.06.04"]
[EventType "swiss"]
[EventRounds "9"]
[EventCountry "ITA"]
[SourceTitle "CBM 172 Extra"]
[Source "ChessBase"]
[SourceDate "2016.06.21"]
[SourceVersion "1"]
[SourceVersionDate "2016.06.21"]
[SourceQuality "1"]

1. Nc3 Nf6 2. d4 d5 3. Bg5 Nbd7 4. e4 dxe4 5. f3 c6 6. Qd2 e3 7. Qxe3 e6 8. Bd3 Qa5 9. Kf1 Be7 10. h4 0-0 11. Re1 Re8 12. Qf4 Bd8 13. Re5 Nxe5 14. dxe5 Nd7 15. Qe4 Nf8 16. Nh3 Qc5 17. f4 Bb6 18. Qf3 Qe3 19. Qh5 Qc1+ 20. Nd1 h6 21. Ke2 hxg5 22. Nxg5 Qxf4 23. Bh7+ Nxh7 24. Qxh7+ Kf8 25. Rf1 Qxe5+ 26. Kd2 f5 27. Qg6 Ke7 28. Qf7+ Kd8 29. Rf3 Qc7 30. Rd3+ Bd7 31. Nxe6+ Rxe6 32. Qxe6 Kc8 33. Qg8+ Qd8 34. Qxg7 Qe8 35. h5 Bc7 36. g3 Be5 37. Qh7 Bxg3 38. Ne3 Be5 39. Nc4 Bf4+ 40. Kc3 Kc7 41. Qg7 b5 42. Qd4 Qe1+ 43. Kb3 bxc4+ 44. Kxc4 Be6+ 0-1

[Event "Bratto op-B 32nd"]
[Site "Bratto"]
[Date "2012.08.19"]
[Round "2"]
[White "Pantaleoni, Claudio"]
[Black "Moncelli, Giorgio"]
[Result "0-1"]
[WhiteElo "2161"]
[BlackElo "2070"]
[PlyCount "140"]
[EventDate "2012.08.18"]
[EventType "swiss"]
[EventRounds "9"]
[EventCountry "ITA"]
[SourceTitle "EXT 2014"]
[Source "ChessBase"]
[SourceDate "2013.11.20"]
[SourceVersion "1"]
[SourceVersionDate "2013.11.20"]
[SourceQuality "1"]

1. d4 d5 2. c4 e6 3. Nc3 Nf6 4. Bg5 Be7 5. e3 0-0 6. Nf3 h6 7. Bh4 b6 8. Qc2 Bb7 9. Bxf6 Bxf6 10. cxd5 exd5 11. 0-0-0 c5 12. g4 Nc6 13. h4 g6 14. g5 hxg5 15. hxg5 Bg7 16. Qa4 cxd4 17. exd4 Rc8 18. Kb1 a6 19. Qc2 Re8 20. Qd2 Qd6 21. Rh4 Rc7 22. Qf4 Qxf4 23. Rxf4 Na5 24. Na4 Nc4 25. Bd3 b5 26. Nc3 Rce7 27. b3 Nd6 28. Rc1 Ne4 29. Nd1 Rc8 30. Rxc8+ Bxc8 31. Bc2 Bb7 32. Kb2 b4 33. Rh4 a5 34. Rh2 Ba6 35. Ne3 Nc3 36. Rh1 Be2 37. Ne5 Bxe5 38. dxe5 Rxe5 39. Rg1 d4 40. Ng4 Bxg4 41. Rxg4 d3 42. Bxd3 Nd1+ 43. Kc2 Nxf2 44. Rg2 Nxd3 45. Kxd3 Kf8 46. Kd4 Rf5 47. Ke4 Ke7 48. Kd4 Kd6 49. Ke4 Ke6 50. Kd4 Re5 51. Kc4 Rf5 52. Kd4 Re5 53. Kc4 f5 54. gxf6 Kxf6 55. Kd4 g5 56. Rf2+ Rf5 57. Rg2 Rf4+ 58. Kc5 g4 59. Kb6 Kg5 60. Kxa5 Kh4 61. Rh2+ Kg3 62. Rh8 Kf2 63. Rg8 g3 64. Ka4 g2 65. a3 bxa3+ 66. Kxa3 g1Q 67. Rxg1 Kxg1 68. b4 Kf2 69. Ka4 Ke3 70. Ka5 Kd4 0-1

[Event "Bratto op 31st"]
[Site "Bratto"]
[Date "2011.08.26"]
[Round "7"]
[White "Pantaleoni, Claudio"]
[Black "Ranieri, Fabrizio"]
[Result "0-1"]
[WhiteElo "2166"]
[BlackElo "2299"]
[PlyCount "78"]
[EventDate "2011.08.20"]
[EventType "swiss"]
[EventRounds "9"]
[EventCountry "ITA"]
[SourceTitle "EXT 2022"]
[Source "ChessBase"]
[SourceDate "2021.10.06"]
[SourceVersion "1"]
[SourceVersionDate "2021.10.06"]
[SourceQuality "1"]

1. Nf3 e6 2. c4 Nf6 3. g3 d5 4. d4 dxc4 5. Qa4+ c6 6. Qxc4 b5 7. Qd3 Bb7 8. Bg2 Nbd7 9. a4 Bb4+ 10. Bd2 Bxd2+ 11. Nbxd2 bxa4 12. Nc4 0-0 13. Nd6 Qb6 14. Rxa4 a5 15. Nxb7 Qxb7 16. 0-0 Rfb8 17. Nd2 Nd5 18. Rfa1 Nb4 19. Qc3 Qb5 20. Nc4 Nd5 21. Qd2 c5 22. e3 cxd4 23. Qxd4 Nc5 24. Rxa5 Nb3 25. Rxb5 Rxa1+ 26. Bf1 Rxb5 27. Qh4 Nf6 28. Kg2 Rb4 29. Qg5 h6 30. Qe5 Rd1 31. Qc7 Nd5 32. Qc8+ Kh7 33. Ne5 Rd2 34. Bd3+ f5 35. Qxe6 Nxe3+ 36. Kh3 Rxf2 37. Qg6+ Kg8 38. Qe8+ Kh7 39. Nd7 Rh4+ 0-1

[Event "Bratto op 31st"]
[Site "Bratto"]
[Date "2011.08.22"]
[Round "3"]
[White "Pantaleoni, Claudio"]
[Black "Juhasz, Kristof"]
[Result "0-1"]
[WhiteElo "2166"]
[BlackElo "2334"]
[PlyCount "74"]
[EventDate "2011.08.20"]
[EventType "swiss"]
[EventRounds "9"]
[EventCountry "ITA"]
[SourceTitle "EXT 2022"]
[Source "ChessBase"]
[SourceDate "2021.10.06"]
[SourceVersion "1"]
[SourceVersionDate "2021.10.06"]
[SourceQuality "1"]

1. c4 e6 2. d4 Nf6 3. Nc3 Bb4 4. e3 0-0 5. Bd3 d5 6. Nf3 c5 7. 0-0 cxd4 8. exd4 dxc4 9. Bxc4 b6 10. Qe2 Bb7 11. Rd1 Bxc3 12. bxc3 Nbd7 13. Bb3 Qc7 14. c4 Rfe8 15. Ne5 Nxe5 16. Qxe5 Qc6 17. f3 Ba6 18. Bg5 Nd7 19. Qe2 b5 20. cxb5 Bxb5 21. Qe4 Nb6 22. Rac1 Qd7 23. Rc5 Ba4 24. Bd2 Bxb3 25. axb3 Nd5 26. Ra1 Reb8 27. Qc2 Rb7 28. Rca5 Nb4 29. Qe4 Nc6 30. Ra6 Qxd4+ 31. Qxd4 Nxd4 32. b4 Kf8 33. Be3 Nb5 34. Bc5+ Ke8 35. Kf2 g6 36. Ke3 Nc7 37. Ke4 Nxa6 0-1

[Event "Bratto op 31st"]
[Site "Bratto"]
[Date "2011.08.21"]
[Round "2"]
[White "Ranfagni, Stefano"]
[Black "Pantaleoni, Claudio"]
[Result "0-1"]
[WhiteElo "2006"]
[BlackElo "2166"]
[PlyCount "92"]
[EventDate "2011.08.20"]
[EventType "swiss"]
[EventRounds "9"]
[EventCountry "ITA"]
[SourceTitle "EXT 2022"]
[Source "ChessBase"]
[SourceDate "2021.10.06"]
[SourceVersion "1"]
[SourceVersionDate "2021.10.06"]
[SourceQuality "1"]

1. e4 e5 2. Nf3 Nc6 3. Bb5 Nf6 4. Qe2 d6 5. c3 Be7 6. 0-0 Bd7 7. Rd1 0-0 8. d4 exd4 9. cxd4 d5 10. e5 Ne4 11. Nc3 Bf5 12. Bd3 Nxc3 13. bxc3 Bxd3 14. Qxd3 Qd7 15. Bg5 h6 16. Bxe7 Nxe7 17. Rab1 Rab8 18. h3 Ng6 19. Nh2 c6 20. Qg3 Qf5 21. Ng4 Rfe8 22. h4 Re6 23. Ne3 Qh5 24. f4 Nxh4 25. Qf2 Nf5 26. Nxf5 Qxf5 27. g3 Rg6 28. Kh2 Rg4 29. Rb2 h5 30. Rf1 h4 31. gxh4 g6 32. Re2 Kg7 33. Re3 Rh8 34. Rh3 Rh5 35. a4 a5 36. Kh1 Qe4+ 37. Kh2 Rf5 38. Rf3 Rh5 39. Rh3 b6 40. Qe1 Qc2+ 41. Rf2 Qf5 42. Rff3 Rxf4 43. Qf2 Rhxh4 44. Qxh4 Rxh4 45. Rxf5 Rxh3+ 46. Kxh3 gxf5 0-1

[Event "EU-ch 11th"]
[Site "Rijeka"]
[Date "2010.03.10"]
[Round "5"]
[White "Pantaleoni, Claudio"]
[Black "Monjac, Mislav"]
[Result "1/2-1/2"]
[WhiteElo "2179"]
[BlackElo "1876"]
[PlyCount "118"]
[EventDate "2010.03.06"]
[EventType "swiss"]
[EventRounds "11"]
[EventCountry "CRO"]
[SourceTitle "CBM 136"]
[Source "ChessBase"]
[SourceDate "2010.05.18"]
[SourceVersion "1"]
[SourceVersionDate "2010.05.18"]
[SourceQuality "1"]

1. Nf3 Nf6 2. c4 e6 3. g3 c5 4. Bg2 Nc6 5. 0-0 Be7 6. Nc3 0-0 7. d4 cxd4 8. Nxd4 a6 9. b3 Qc7 10. Bb2 Rd8 11. Rc1 Nxd4 12. Qxd4 Bf8 13. Na4 Rb8 14. c5 d6 15. Rfd1 Bd7 16. cxd6 Qa5 17. Rc5 Bb5 18. Bc3 Rxd6 19. Qxd6 Bxd6 20. Bxa5 Bxc5 21. Bc7 Rc8 22. Nxc5 Rxc7 23. Nxb7 g6 24. Bf3 Bxe2 25. Bxe2 Rxb7 26. Rd6 Ra7 27. Rxa6 Rxa6 28. Bxa6 Kf8 29. f3 Ke7 30. Kf2 Kd6 31. Ke3 Nd5+ 32. Kd4 Nb4 33. Bf1 Nxa2 34. Kc4 Ke5 35. b4 Nxb4 36. Kxb4 Kd4 37. Bb5 Ke3 38. Bc6 Kf2 39. Kc4 Kg2 40. Kd4 Kxh2 41. g4 f6 42. Be8 Kg3 43. Ke3 f5 44. gxf5 exf5 45. f4 Kg4 46. Bf7 g5 47. fxg5 Kxg5 48. Kf3 h5 49. Bxh5 Kxh5 50. Kf4 Kg6 51. Kf3 Kg5 52. Kg3 f4+ 53. Kf3 Kf5 54. Kf2 Ke4 55. Ke2 f3+ 56. Kf2 Kf4 57. Kf1 Ke3 58. Ke1 f2+ 59. Kf1 Kf3 1/2-1/2

[Event "EU-ch 11th"]
[Site "Rijeka"]
[Date "2010.03.09"]
[Round "4"]
[White "Reutsky, Sergei"]
[Black "Pantaleoni, Claudio"]
[Result "1-0"]
[WhiteElo "2404"]
[BlackElo "2179"]
[PlyCount "53"]
[EventDate "2010.03.06"]
[EventType "swiss"]
[EventRounds "11"]
[EventCountry "CRO"]
[SourceTitle "CBM 136"]
[Source "ChessBase"]
[SourceDate "2010.05.18"]
[SourceVersion "1"]
[SourceVersionDate "2010.05.18"]
[SourceQuality "1"]

1. Nf3 Nf6 2. g3 b6 3. Bg2 Bb7 4. 0-0 c5 5. d3 e6 6. e4 d6 7. b3 Be7 8. Bb2 Nbd7 9. Nbd2 0-0 10. Qe2 h6 11. c4 a6 12. Rad1 Ra7 13. Nh4 Ne8 14. f4 Bxh4 15. gxh4 Qxh4 16. Rf3 Qe7 17. Rg3 e5 18. Rf1 Bc8 19. Qh5 Kh8 20. Nf3 Ndf6 21. Qh4 exf4 22. Qxf4 Kg8 23. e5 dxe5 24. Nxe5 Be6 25. Nc6 Qd7 26. Nxa7 Qxa7 27. Bc6 1-0

[Event "Gibraltar Masters 7th"]
[Site "Gibraltar"]
[Date "2009.02.04"]
[Round "9"]
[White "Pettersen, Joar Gullestad"]
[Black "Pantaleoni, Claudio"]
[Result "1/2-1/2"]
[WhiteElo "2016"]
[BlackElo "2211"]
[PlyCount "67"]
[EventDate "2009.01.27"]
[EventType "swiss"]
[EventRounds "10"]
[EventCountry "ENG"]
[SourceTitle "CBM 128 Extra"]
[Source "ChessBase"]
[SourceDate "2009.03.05"]
[SourceVersion "2"]
[SourceVersionDate "2009.03.25"]
[SourceQuality "1"]

1. e4 Nf6 2. e5 Nd5 3. d4 d6 4. exd6 exd6 5. c4 Nf6 6. Nc3 Be7 7. Bd3 Nc6 8. Nf3 Bg4 9. Be3 0-0 10. h3 Bh5 11. a3 d5 12. cxd5 Nxd5 13. Nxd5 Qxd5 14. Be2 Rad8 15. 0-0 Rd7 16. Qa4 Rfd8 17. Rfd1 a6 18. Rd2 Bf6 19. Rc1 Qa5 20. Qc4 Bxf3 21. Bxf3 Nxd4 22. Bxb7 Nf5 23. Rxd7 Rxd7 24. Bf4 Bxb2 25. Bxc7 Qxa3 26. Be5 Bxc1 27. Qc8+ Qf8 28. Qxd7 g6 29. Bxa6 Bh6 30. g4 Bg7 31. Bf4 Nd4 32. Bc4 Nf3+ 33. Kh1 Ne5 34. Bxe5 1/2-1/2

[Event "Gibraltar Masters 7th"]
[Site "Gibraltar"]
[Date "2009.01.30"]
[Round "4"]
[White "Pantaleoni, Claudio"]
[Black "Vachier Lagrave, Maxime"]
[Result "0-1"]
[WhiteElo "2211"]
[BlackElo "2696"]
[PlyCount "72"]
[EventDate "2009.01.27"]
[EventType "swiss"]
[EventRounds "10"]
[EventCountry "ENG"]
[SourceTitle "CBM 128 Extra"]
[Source "ChessBase"]
[SourceDate "2009.03.05"]
[SourceVersion "2"]
[SourceVersionDate "2009.03.25"]
[SourceQuality "1"]

1. Nf3 Nf6 2. c4 g6 3. Nc3 Bg7 4. e4 d6 5. d4 0-0 6. Be2 e5 7. 0-0 exd4 8. Nxd4 Re8 9. f3 c6 10. Be3 d5 11. cxd5 cxd5 12. Nc2 Nc6 13. Nxd5 Nxd5 14. Qxd5 Qxd5 15. exd5 Nb4 16. Nxb4 Rxe3 17. Kf2 Re8 18. Rfd1 Bxb2 19. Rab1 Be5 20. g3 Bd6 21. Nd3 b6 22. f4 Bd7 23. Rbc1 Re4 24. Bf3 Ra4 25. Rd2 Rd8 26. Kg2 Rc8 27. Rxc8+ Bxc8 28. Ne5 f6 29. Bd1 Re4 30. Kf3 Re1 31. Nc4 Bc5 32. Be2 Rc1 33. Nb2 h5 34. h3 Bxh3 35. Nd3 Rc3 36. f5 Bxf5 0-1

[Event "EU Union-ch 3rd"]
[Site "Arvier"]
[Date "2007.06.23"]
[Round "9"]
[White "Raineri, Valerio"]
[Black "Pantaleoni, Claudio"]
[Result "1-0"]
[WhiteElo "2123"]
[BlackElo "2219"]
[PlyCount "93"]
[EventDate "2007.06.15"]
[EventType "swiss"]
[EventRounds "10"]
[EventCountry "ITA"]
[SourceTitle "CBM 118 Extra"]
[Source "ChessBase"]
[SourceDate "2007.07.04"]
[SourceVersion "1"]
[SourceVersionDate "2007.07.04"]
[SourceQuality "1"]

1. e4 c5 2. Nf3 e6 3. d4 cxd4 4. Nxd4 a6 5. Bd3 Bc5 6. Nb3 Be7 7. Qe2 d6 8. 0-0 Nf6 9. f4 Qc7 10. Be3 Nbd7 11. c3 b6 12. N1d2 Bb7 13. Bc2 0-0 14. Bf2 e5 15. Bg3 exf4 16. Bxf4 Ne5 17. Nd4 g6 18. h3 Rfe8 19. g4 Nfd7 20. Qf2 Bf8 21. Qg3 Bg7 22. Rf2 b5 23. Raf1 b4 24. Bb3 bxc3 25. bxc3 Rf8 26. Ne2 Kh8 27. Qe3 Rae8 28. Bh6 Qc5 29. Bxg7+ Kxg7 30. Nd4 d5 31. Bc2 Nc4 32. Nxc4 Qxc4 33. Rb1 Ba8 34. Rb4 Qc7 35. Ne2 dxe4 36. Bxe4 Qe5 37. Ng3 Nf6 38. Re2 Nd5 39. Qf3 Nxb4 40. Bxa8 Qc5+ 41. Rf2 Nd3 42. Qxd3 Rxa8 43. Ne4 Qe5 44. Nf6 Rfc8 45. c4 Rab8 46. Nd7 Rb1+ 47. Qxb1 1-0

[Event "Porto Mannu op"]
[Site "Porto Mannu"]
[Date "2007.05.19"]
[Round "1"]
[White "Pantaleoni, Claudio"]
[Black "Grooten, Herman"]
[Result "1-0"]
[WhiteElo "2219"]
[BlackElo "2379"]
[PlyCount "47"]
[EventDate "2007.05.19"]
[EventType "swiss"]
[EventRounds "9"]
[EventCountry "ITA"]
[SourceTitle "CBM 118 Extra"]
[Source "ChessBase"]
[SourceDate "2007.07.04"]
[SourceVersion "1"]
[SourceVersionDate "2007.07.04"]
[SourceQuality "1"]

1. d4 Nf6 2. c4 e6 3. Nf3 b6 4. g3 Ba6 5. Qc2 Bb7 6. Bg2 c5 7. d5 exd5 8. cxd5 Bxd5 9. Nc3 Bc6 10. e4 d6 11. Bf4 Nbd7 12. 0-0-0 Qb8 13. e5 Nh5 14. Rhe1 Nxf4 15. gxf4 d5 16. Nxd5 Qb7 17. e6 Bxd5 18. exd7+ Kd8 19. Qd3 Be6 20. f5 c4 21. Qe4 Rb8 22. fxe6 fxe6 23. Qxb7 Rxb7 24. Ng5 1-0

[Event "Bratto op 26th"]
[Site "Bratto"]
[Date "2006.08.21"]
[Round "3"]
[White "Bruno, Fabio"]
[Black "Pantaleoni, Claudio"]
[Result "1-0"]
[WhiteElo "2388"]
[BlackElo "2222"]
[PlyCount "71"]
[EventDate "2006.08.19"]
[EventType "swiss"]
[EventRounds "9"]
[EventCountry "ITA"]
[SourceTitle "CBM 113 Extra"]
[Source "ChessBase"]
[SourceDate "2006.09.14"]
[SourceVersion "1"]
[SourceVersionDate "2006.09.14"]
[SourceQuality "1"]

1. c4 e5 2. Nc3 Bb4 3. e3 Bxc3 4. bxc3 d6 5. d3 Ne7 6. g3 0-0 7. Bg2 Nbc6 8. Ne2 Be6 9. f4 f6 10. 0-0 Qd7 11. Rb1 Rab8 12. e4 Bg4 13. f5 Nd8 14. Be3 Nf7 15. Rf2 b6 16. h3 Bxe2 17. Rxe2 Rfd8 18. g4 a6 19. h4 h6 20. Reb2 Kf8 21. Bf3 Qc6 22. g5 hxg5 23. Bh5 Ng8 24. Bxf7 Kxf7 25. Qh5+ Kf8 26. hxg5 Rd7 27. Rh2 Rf7 28. g6 Re7 29. Qh8 Qa4 30. Kf1 Qa5 31. Bd2 Qxa2 32. Re1 b5 33. Bh6 Qb3 34. Bxg7+ Rxg7 35. Rh7 Rxh7 36. Qxh7 1-0

[Event "Bratto op 26th"]
[Site "Bratto"]
[Date "2006.08.20"]
[Round "2"]
[White "Pantaleoni, Claudio"]
[Black "Pegoraro, Nicola"]
[Result "1-0"]
[WhiteElo "2222"]
[BlackElo "2047"]
[PlyCount "81"]
[EventDate "2006.08.19"]
[EventType "swiss"]
[EventRounds "9"]
[EventCountry "ITA"]
[SourceTitle "CBM 113 Extra"]
[Source "ChessBase"]
[SourceDate "2006.09.14"]
[SourceVersion "1"]
[SourceVersionDate "2006.09.14"]
[SourceQuality "1"]

1. Nf3 f5 2. d4 Nf6 3. g3 g6 4. Bg2 Bg7 5. 0-0 0-0 6. b4 Ne4 7. Bb2 d6 8. Nbd2 Nxd2 9. Qxd2 c5 10. bxc5 dxc5 11. e3 Nc6 12. c4 Rb8 13. d5 Bxb2 14. Qxb2 Na5 15. Rac1 b6 16. Rfd1 Qd6 17. Ne5 Ba6 18. a4 Rbd8 19. f4 Qf6 20. h4 Rd6 21. Bf3 Rfd8 22. Qh2 Bb7 23. g4 e6 24. gxf5 exd5 25. fxg6 dxc4 26. Rxd6 Rxd6 27. Bxb7 Nxb7 28. Qg2 Nd8 29. gxh7+ Kxh7 30. Qe4+ Kh8 31. h5 c3 32. Qg6 Qg7 33. Qxg7+ Kxg7 34. Rxc3 Kh6 35. e4 Rd4 36. Rg3 Rxa4 37. Rg5 Kh7 38. Ng4 Ra1+ 39. Kg2 Ra2+ 40. Kg3 Ra3+ 41. Kh4 1-0

[Event "ITA-ch sf 66th"]
[Site "Cortina d'Ampezzo"]
[Date "2006.07.12"]
[Round "5.8"]
[White "De Santis, Alessio"]
[Black "Pantaleoni, Claudio"]
[Result "1/2-1/2"]
[WhiteElo "2337"]
[BlackElo "2222"]
[PlyCount "104"]
[EventDate "2006.07.09"]
[EventType "swiss"]
[EventRounds "9"]
[EventCountry "ITA"]
[SourceTitle "EXT 2023"]
[Source "ChessBase"]
[SourceDate "2022.10.05"]
[SourceVersion "1"]
[SourceVersionDate "2022.10.05"]
[SourceQuality "1"]

1. d4 Nf6 2. c4 e6 3. Nc3 Bb4 4. a3 Bxc3+ 5. bxc3 b6 6. f3 Ba6 7. e4 Nc6 8. Bg5 h6 9. Bh4 Na5 10. e5 g5 11. Bf2 Ng8 12. Qa4 Ne7 13. Rd1 Ng6 14. Bd3 Nf4 15. Bf1 Ng6 16. Nh3 Qe7 17. Be3 f6 18. exf6 Qxf6 19. Nf2 Nh4 20. Ng4 Qg7 21. Ne5 0-0-0 22. c5 Bxf1 23. Kxf1 Rhf8 24. Bf2 Rf5 25. Nc4 Nc6 26. cxb6 cxb6 27. Bxh4 gxh4 28. Nd6+ Kb8 29. Nxf5 exf5 30. Qc2 h3 31. gxh3 Qg5 32. Qg2 Qe3 33. Qf2 Qxc3 34. Rg1 Re8 35. Rg7 Re3 36. Kg2 Nxd4 37. Qg3+ Kc8 38. Rg8+ Kb7 39. Qb8+ Ka6 40. Qc8+ Qxc8 41. Rxc8 Nxf3 42. Rxd7 Nh4+ 43. Kf2 Rf3+ 44. Ke2 Rxa3 45. Rcc7 Rxh3 46. Rxa7+ Kb5 47. Rd6 Rxh2+ 48. Kf1 Rc2 49. Rb7 Rc6 50. Rxc6 Kxc6 51. Rh7 Nf3 52. Ke2 Nd4+ 1/2-1/2

[Event "ITA-ch sf 66th"]
[Site "Cortina d'Ampezzo"]
[Date "2006.07.10"]
[Round "2.5"]
[White "Pantaleoni, Claudio"]
[Black "Bruno, Fabio"]
[Result "1/2-1/2"]
[WhiteElo "2222"]
[BlackElo "2388"]
[PlyCount "108"]
[EventDate "2006.07.09"]
[EventType "swiss"]
[EventRounds "9"]
[EventCountry "ITA"]
[SourceTitle "EXT 2023"]
[Source "ChessBase"]
[SourceDate "2022.10.05"]
[SourceVersion "1"]
[SourceVersionDate "2022.10.05"]
[SourceQuality "1"]

1. b3 d5 2. Bb2 e6 3. e3 Nf6 4. f4 Nbd7 5. Nf3 Bd6 6. Be2 0-0 7. 0-0 Qe7 8. Ne5 Re8 9. d3 Nf8 10. Nd2 N6d7 11. e4 f6 12. Ng4 Ng6 13. g3 f5 14. e5 fxg4 15. exd6 Qxd6 16. Bxg4 Nf6 17. Bxf6 gxf6 18. Bh5 Qc5+ 19. Kg2 Re7 20. Nf3 d4 21. Nd2 Rg7 22. Kh1 Qf8 23. Bf3 Rb8 24. Qe2 Ne7 25. Qe4 c5 26. b4 b6 27. bxc5 bxc5 28. Rab1 Rb6 29. Nc4 Bb7 30. Qe2 Bxf3+ 31. Qxf3 Rxb1 32. Rxb1 Qd8 33. Rb7 Nf5 34. Rxg7+ Kxg7 35. Qe4 Qd7 36. Kg2 Ne7 37. Kf3 Nd5 38. a3 Qf7 39. g4 h5 40. h3 hxg4+ 41. hxg4 Kf8 42. Nd6 Qd7 43. Nc4 Nc3 44. Qg6 Qb7+ 45. Kg3 Ne2+ 46. Kf2 Qg2+ 47. Ke1 Nc3 48. Qxf6+ Kg8 49. Qxe6+ Kg7 50. Qd7+ Kg8 51. Qc8+ Kg7 52. Qc7+ Kh6 53. Qd6+ Kh7 54. Qe7+ Kg8 1/2-1/2

[Event "Riva del Garda op 2nd"]
[Site "Riva del Garda"]
[Date "2004.12.30"]
[Round "7"]
[White "Pantaleoni, Claudio"]
[Black "Brunello, Sabino"]
[Result "1/2-1/2"]
[WhiteElo "2220"]
[BlackElo "2258"]
[PlyCount "28"]
[EventDate "2004.12.26"]
[EventType "swiss"]
[EventRounds "7"]
[EventCountry "ITA"]
[SourceTitle "CBM 104 Extra"]
[Source "ChessBase"]
[SourceDate "2005.03.01"]
[SourceVersion "1"]
[SourceVersionDate "2005.03.01"]
[SourceQuality "1"]

1. d4 Nf6 2. c4 e6 3. Nc3 Bb4 4. e3 0-0 5. Bd3 d5 6. Nf3 c5 7. 0-0 Nc6 8. a3 Ba5 9. cxd5 exd5 10. dxc5 Bxc3 11. bxc3 Bg4 12. Rb1 Qc8 13. Be2 Rd8 14. Qb3 Rb8 1/2-1/2

[Event "Riva del Garda op 2nd"]
[Site "Riva del Garda"]
[Date "2004.12.28"]
[Round "4"]
[White "Pantaleoni, Claudio"]
[Black "Bressanelli, Roberto"]
[Result "1-0"]
[WhiteElo "2220"]
[BlackElo "2083"]
[PlyCount "63"]
[EventDate "2004.12.26"]
[EventType "swiss"]
[EventRounds "7"]
[EventCountry "ITA"]
[SourceTitle "CBM 104 Extra"]
[Source "ChessBase"]
[SourceDate "2005.03.01"]
[SourceVersion "1"]
[SourceVersionDate "2005.03.01"]
[SourceQuality "1"]

1. Nf3 Nf6 2. c4 c5 3. Nc3 d5 4. cxd5 Nxd5 5. d4 Nxc3 6. bxc3 g6 7. e3 Bg7 8. Bb5+ Nd7 9. 0-0 0-0 10. a4 Nf6 11. Ba3 Ne4 12. Qc2 f5 13. Nd2 Nxd2 14. Qxd2 b6 15. Rac1 Be6 16. Qe2 Rc8 17. Rfd1 c4 18. f3 h5 19. d5 Bf7 20. Ba6 Rc7 21. d6 exd6 22. Bxd6 Rd7 23. Bxf8 Kxf8 24. Bb5 Rxd1+ 25. Rxd1 Qc7 26. Rd7 Qc5 27. Rd8+ Ke7 28. Qd2 Be6 29. Re8+ Kf7 30. Ra8 Bc8 31. Rxa7+ Kg8 32. Qd8+ 1-0

[Event "Valle d'Aosta op 11th"]
[Site "Saint Vincent"]
[Date "2003.02.08"]
[Round "1"]
[White "Baklan, Vladimir"]
[Black "Pantaleoni, Claudio"]
[Result "1-0"]
[WhiteElo "2605"]
[BlackElo "2206"]
[PlyCount "63"]
[EventDate "2003.02.08"]
[EventType "swiss"]
[EventRounds "9"]
[EventCountry "ITA"]
[SourceTitle "CBM 092 Extra"]
[Source "ChessBase"]
[SourceDate "2003.03.07"]
[SourceVersion "1"]
[SourceVersionDate "2003.03.07"]
[SourceQuality "1"]

1. e4 e5 2. Nf3 Nc6 3. d4 exd4 4. Nxd4 Nf6 5. Nxc6 bxc6 6. e5 Qe7 7. Qe2 Nd5 8. c4 Nb6 9. Nd2 Qe6 10. b3 d5 11. exd6 cxd6 12. Bb2 Qxe2+ 13. Bxe2 Bd7 14. 0-0 f6 15. Rfd1 Be7 16. Rac1 Rd8 17. Ne4 Bf5 18. Ng3 Bd7 19. Bh5+ g6 20. Bf3 Nc8 21. Ne2 Kf8 22. Re1 Kg7 23. Nd4 c5 24. Ne6+ Bxe6 25. Rxe6 Rd7 26. Rce1 Rf8 27. h4 Rc7 28. Kf1 Bd8 29. g4 Re7 30. g5 Rxe6 31. Rxe6 Rf7 32. Re8 1-0

[Event "Bratto op 21st"]
[Site "Bratto"]
[Date "2001.08.24"]
[Round "3"]
[White "Guido, Flavio"]
[Black "Pantaleoni, Claudio"]
[Result "1-0"]
[WhiteElo "2379"]
[BlackElo "2205"]
[PlyCount "77"]
[EventDate "2001.08.22"]
[EventType "swiss"]
[EventRounds "9"]
[EventCountry "ITA"]
[SourceTitle "EXT 2002"]
[Source "ChessBase"]
[SourceDate "2001.11.25"]
[SourceVersion "1"]
[SourceVersionDate "2001.11.25"]
[SourceQuality "1"]

1. e4 c5 2. c3 e6 3. Nf3 d5 4. exd5 Qxd5 5. d4 Nf6 6. Bd3 Be7 7. c4 Qd7 8. dxc5 0-0 9. Qe2 Rd8 10. Bc2 Bxc5 11. 0-0 Nc6 12. Nc3 h6 13. Bf4 Qe7 14. Rad1 Bd7 15. Na4 Be8 16. Nxc5 Qxc5 17. a3 Qh5 18. h3 Ne7 19. Qe5 Bc6 20. Nd4 Be4 21. Bxe4 Qxe5 22. Bxe5 Nxe4 23. Rfe1 Nd6 24. Nxe6 fxe6 25. Bxd6 Nf5 26. Bc7 Rd4 27. g4 Rxd1 28. Rxd1 Nh4 29. Bg3 Nf3+ 30. Kg2 Rf8 31. Rd7 Ne1+ 32. Kf1 Nf3 33. c5 Rc8 34. b4 b6 35. Bd6 bxc5 36. bxc5 Nd2+ 37. Kg2 Ne4 38. Rxa7 Nxc5 39. Be5 1-0